[Event "Marsel IM"]
[White "Artamonov, Andrey"]
[Black "Poliakov, Vladimir"]
[Site "Dombaj"]
[Round "5"]
[Result "1/2-1/2"]
[Date "2011.07.??"]
[WhiteElo "2413"]
[BlackElo "2348"]
[PlyCount "24"]
[EventDate "2011.07.23"]
[EventType "swiss"]
[EventRounds "8"]
[EventCountry "RUS"]
[SourceTitle "EXT 2022"]
[Source "ChessBase"]
[SourceDate "2021.10.06"]
[SourceVersion "1"]
[SourceVersionDate "2021.10.06"]
[SourceQuality "1"]

1. e4 e5 2. Nf3 Nf6 3. Nc3 Nc6 4. Bb5 Bb4 5. 0-0 0-0 6. Nd5 Nxd5 7. exd5 Nd4 8. Nxd4 exd4 9. c3 Bc5 10. Qf3 d6 11. d3 Bd7 12. Bxd7 Qxd7 1/2-1/2

[Event "Marsel IM"]
[White "Yushinov, Nikolay"]
[Black "Artamonov, Andrey"]
[Site "Dombaj"]
[Round "7"]
[Result "1/2-1/2"]
[Date "2011.07.??"]
[WhiteElo "2162"]
[BlackElo "2413"]
[PlyCount "33"]
[EventDate "2011.07.23"]
[EventType "swiss"]
[EventRounds "8"]
[EventCountry "RUS"]
[SourceTitle "EXT 2022"]
[Source "ChessBase"]
[SourceDate "2021.10.06"]
[SourceVersion "1"]
[SourceVersionDate "2021.10.06"]
[SourceQuality "1"]

1. e4 e5 2. Nf3 Nc6 3. Bc4 Nf6 4. 0-0 Nxe4 5. Nc3 Nxc3 6. dxc3 Be7 7. Qd5 0-0 8. Nxe5 Nxe5 9. Qxe5 Bf6 10. Qh5 c6 11. Bd3 g6 12. Qf3 d5 13. Bh6 Bg7 14. Bxg7 Kxg7 15. Rfe1 Qf6 16. Qxf6+ Kxf6 17. Re3 1/2-1/2